<?xml version="1.0" encoding="UTF-8"?>
<record
    xmlns:xsi="http://www.w3.org/2001/XMLSchema-instance"
    xsi:schemaLocation="http://www.loc.gov/MARC21/slim http://www.loc.gov/standards/marcxml/schema/MARC21slim.xsd"
    xmlns="http://www.loc.gov/MARC21/slim">

  <leader>00644nam a22001457a 4500</leader>
  <datafield tag="020" ind1=" " ind2=" ">
    <subfield code="a">9788126528950 (pbk)</subfield>
  </datafield>
  <datafield tag="082" ind1=" " ind2=" ">
    <subfield code="a">338.1  CRA/AG</subfield>
  </datafield>
  <datafield tag="100" ind1=" " ind2=" ">
    <subfield code="a">Cramer, Gail L.</subfield>
    <subfield code="a">Jensen, Clarence W</subfield>
  </datafield>
  <datafield tag="245" ind1=" " ind2=" ">
    <subfield code="a">Agricultural Economics And Agribusiness</subfield>
  </datafield>
  <datafield tag="250" ind1=" " ind2=" ">
    <subfield code="a">VIII</subfield>
  </datafield>
  <datafield tag="260" ind1=" " ind2=" ">
    <subfield code="a">New Delhi</subfield>
    <subfield code="b">Wiley India</subfield>
    <subfield code="c">2011</subfield>
  </datafield>
  <datafield tag="300" ind1=" " ind2=" ">
    <subfield code="a">519p.</subfield>
  </datafield>
  <datafield tag="650" ind1=" " ind2=" ">
    <subfield code="a">Farm and food system</subfield>
    <subfield code="a">Consumer behavior and demand</subfield>
    <subfield code="a">Producer decision making</subfield>
    <subfield code="a">Competition and the market</subfield>
    <subfield code="a">Macro economics</subfield>
    <subfield code="a">Natural resources</subfield>
    <subfield code="a">Rural development</subfield>
    <subfield code="a">International economics</subfield>
    <subfield code="a">Agricultural price and income policies</subfield>
    <subfield code="a">Financial picture of agriculture</subfield>
    <subfield code="a">Global food demand and supply</subfield>
  </datafield>
  <datafield tag="942" ind1=" " ind2=" ">
    <subfield code="c">BK</subfield>
  </datafield>
  <datafield tag="999" ind1=" " ind2=" ">
    <subfield code="c">295507</subfield>
    <subfield code="d">295507</subfield>
  </datafield>
  <datafield tag="952" ind1=" " ind2=" ">
    <subfield code="0">0</subfield>
    <subfield code="1">0</subfield>
    <subfield code="4">0</subfield>
    <subfield code="7">0</subfield>
    <subfield code="a">KAUCOAP</subfield>
    <subfield code="b">KAUCOAP</subfield>
    <subfield code="c">GEN</subfield>
    <subfield code="d">2013-07-22</subfield>
    <subfield code="l">2</subfield>
    <subfield code="o">338.1  CRA/AG</subfield>
    <subfield code="p">KAU_COAP-08864</subfield>
    <subfield code="r">2021-03-29 00:00:00</subfield>
    <subfield code="s">2020-08-24</subfield>
    <subfield code="w">2013-07-22</subfield>
    <subfield code="y">BK</subfield>
  </datafield>
</record>
